000 00618nam a22002297a 4500
003 UA-OsUOA
001 55093
007 ta
008 20080808b un ||||| |||| 00| 0 ukr d
100 _aАширова Л. М.
090 _a343.13
_bА98
942 _cBK
040 _aUA-OsUOA
_brus
_cUA-OsUOA
_dUA-OsUOA
245 _aПроблемы реализации принцыпа справедливости в уголовном процессе
300 _a256 с.
955 _a1
041 _arus
080 _a343.13
260 _aМ.
_bЮрлитинформ
_c2007
650 7 _2UDC
999 _c341167
_d341167